| 000 | 00948nam a2200289Ia 4500 | ||
|---|---|---|---|
| 003 | OSt | ||
| 005 | 20221005062115.0 | ||
| 006 | a|||||r|||| 00| 0 | ||
| 007 | ta | ||
| 008 | 221004b |||||||| |||| 00| 0 eng d | ||
| 020 |
_a9781138942899 (hbk) _cUKP 165.00 |
||
| 024 | _a42624 | ||
| 037 |
_b834, 15/03/2019, New India Book Agency _cTextual |
||
| 040 |
_aCRL _cCRL _beng |
||
| 041 |
_2eng _aeng |
||
| 082 | _aY73(V44):(U42), Q8 | ||
| 100 |
_aSarma Hegde Radha Ed. _9601449 |
||
| 245 | 0 | _aRoutledge handbook of the Indian diaspora | |
| 260 |
_aLondon _bRoutledge UK _c2018 |
||
| 300 |
_axix,393p. _ccm. |
||
| 490 | _aRoutledge handbooks | ||
| 650 |
_a INDIAN DIASPORA _940552 |
||
| 650 | _aIMMIGRATION AND EMIGRATION | ||
| 700 | _a Sahoo Ajaya Kumar Ed. | ||
| 942 |
_hY73(V44):(U42), Q8 _cTEXL _2cc |
||
| 999 |
_c969197 _d969197 |
||